00629nam a22002055i 450000100060000000300090000600500170001500700030003200800410003504000220007608000150009810000280011324500910014126000360023230000210026849000400028970000210032983000400035085200330039011882ES-MaACL20230906150207.0t|940830s1992 sp ||||0| spa j aM-BN bspa cM-BN a860-31"19"1 aMesa y López, Rafael.14aLas luces de la noche sin fin / cRafael Mesa y López ; edición de Pablo Quintana. aLa Laguna : bBenchomo, c1992. a195 p ; c21 cm.1 aBiblioteca de obras canarias ; v151 aQuintana, Pablo.0 aBiblioteca de obras canarias ; v15 aES-MaACLjL-19208 bR.122478